Wanderers Kings Merchants: The Story of India Through its Languages (Record no. 228184)

MARC details
000 -LEADER
fixed length control field 01545nam a22002657a 4500
005 - DATE AND TIME OF LATEST TRANSACTION
control field 20230728165516.0
008 - FIXED-LENGTH DATA ELEMENTS--GENERAL INFORMATION
fixed length control field 230728b ||||| |||| 00| 0 eng d
020 ## - INTERNATIONAL STANDARD BOOK NUMBER
International Standard Book Number 9780670093687
040 ## - CATALOGING SOURCE
Transcribing agency AL
041 ## - LANGUAGE CODE
Language code of text/sound track or separate title English
082 ## - DEWEY DECIMAL CLASSIFICATION NUMBER
Edition number 23
Item number MOHW
Classification number 491.1
100 ## - MAIN ENTRY--PERSONAL NAME
Personal name Peggy Mohan
100 ## - MAIN ENTRY--PERSONAL NAME
9 (RLIN) 128924
245 ## - TITLE STATEMENT
Title Wanderers Kings Merchants: The Story of India Through its Languages
260 ## - PUBLICATION, DISTRIBUTION, ETC.
Place of publication, distribution, etc. India
Name of publisher, distributor, etc. Penguin
Date of publication, distribution, etc. 2021
300 ## - PHYSICAL DESCRIPTION
Extent xvii,341 p.
Other physical details HB
Dimensions 22x14 cm.
365 ## - TRADE PRICE
Price type code BLCR-000026
Price amount ₹479.00
Currency code
Unit of pricing ₹599.00
Price note 20%
Price effective from 15-07-2023
520 ## - SUMMARY, ETC.
Summary, etc. history of Indian languages - primarily Sanskrit - from the angle of language contacts and mixtures<br/>One of India’s most incredible and enviable cultural aspects is that every Indian is bilingual, if not multilingual. Delving into the fascinating early history of South Asia, this original book reveals how migration, both external and internal, has shaped all Indians from ancient times. Through a first-of-its-kind and incisive study of languages, such as the story of early Sanskrit, the rise of Urdu, language formation in the North-east, it presents the astounding argument that all Indians are of mixed origins.It explores the surprising rise of English after Independence and how it may be endangering India’s native languages.
650 ## - SUBJECT ADDED ENTRY--TOPICAL TERM
Topical term or geographic name entry element Multilingualism
9 (RLIN) 128836
650 ## - SUBJECT ADDED ENTRY--TOPICAL TERM
Topical term or geographic name entry element Indic philology
9 (RLIN) 128837
650 ## - SUBJECT ADDED ENTRY--TOPICAL TERM
Topical term or geographic name entry element Indo-Aryan languages
9 (RLIN) 128838
650 ## - SUBJECT ADDED ENTRY--TOPICAL TERM
Topical term or geographic name entry element Sociolinguistics
9 (RLIN) 128839
650 ## - SUBJECT ADDED ENTRY--TOPICAL TERM
Topical term or geographic name entry element Language and culture
9 (RLIN) 128840
700 ## - ADDED ENTRY--PERSONAL NAME
Personal name MOHAN (Peggy)
9 (RLIN) 128779
942 ## - ADDED ENTRY ELEMENTS (KOHA)
Source of classification or shelving scheme Dewey Decimal Classification
Koha item type Book
Holdings
Withdrawn status Lost status Source of classification or shelving scheme Damaged status Not for loan Collection code Home library Current library Date acquired Source of acquisition Cost, normal purchase price Total Checkouts Full call number Barcode Date last seen Date last checked out Cost, replacement price Price effective from Koha item type
    Dewey Decimal Classification     English St Aloysius Library St Aloysius Library 07/22/2023 Navakarnataka Publications Pvt.Ltd. 479.00 1 491.1 MOHW 076600 09/06/2023 08/31/2023 599.00 07/28/2023 Book